[Event "Tournoi francophone 008 Groupe C"]
[Site "Skype"]
[Date "????.??.??"]
[Round "9.3"]
[White "Marino, Giuseppe"]
[Black "Harmelle, Dominique"]
[Result "1/2-1/2"]
[WhiteElo "1357"]
[BlackElo "1362"]
[PlyCount "71"]

1. d4 Nf6 2. Nf3 e6 3. Bf4 d5 4. e3 Bd6 5. Bxd6 Qxd6 6. Bd3 Nbd7 7. O-O O-O 8.
Re1 Re8 9. e4 dxe4 10. Bxe4 Nxe4 11. Rxe4 Nf6 12. Re1 b6 13. Nbd2 Ba6 14. c3
Rac8 15. Ne4 Nxe4 16. Rxe4 Bb7 17. Re3 Qf4 18. Qe2 Rcd8 19. Rd1 c5 20. dxc5
Rxd1+ 21. Qxd1 Bd5 22. cxb6 axb6 23. Rd3 Qc7 24. Qa4 Rb8 25. b3 b5 26. Qh4 f6
27. Re3 Rd8 28. h3 Bxf3 29. gxf3 Rd1+ 30. Kg2 e5 31. Re2 Qxc3 32. Qe4 g6 33.
Rc2 Qd4 34. Rc8+ Kg7 35. Rc7+ Kh6 36. Qxd4 1/2-1/2

[Event "Tournoi francophone 008 Groupe C"]
[Site "Skype"]
[Date "????.??.??"]
[Round "9.4"]
[White "Lemoine, Gerard"]
[Black "Malbec, Robert"]
[Result "0-1"]
[WhiteElo "1559"]
[BlackElo "1417"]
[PlyCount "120"]

1. d4 d5 2. c4 e6 3. Nf3 a6 4. Bg5 Nf6 5. Bxf6 Qxf6 6. cxd5 exd5 7. Nc3 Bb4 8.
e3 O-O 9. Qb3 Bxc3+ 10. bxc3 c6 11. a4 Nd7 12. c4 dxc4 13. Bxc4 Qg6 14. Nh4 Qe4
15. Nf3 Qg6 16. O-O Rb8 17. Bd3 Qd6 18. Qc2 Nf6 19. Rfe1 g6 20. Qc5 Qc7 21. a5
Nd7 22. Qc2 Nf6 23. e4 Re8 24. e5 Nd5 25. Qd2 Be6 26. Ng5 Qd7 27. Bc4 Qe7 28.
Bxd5 cxd5 29. Nxe6 Qxe6 30. Qf4 Rbc8 31. Reb1 Rc7 32. Rb6 Qe7 33. Qf6 Qxf6 34.
Rxf6 Kg7 35. Rd6 Rc4 36. Rxd5 Rec8 37. g3 Rb4 38. Rd7 Re8 39. Rd1 b5 40. axb6
Rxb6 41. Rd6 Rxd6 42. exd6 Rd8 43. Kg2 Rxd6 44. Kf3 Kf6 45. Ke4 Ke7 46. Ra1 f5+
47. Ke5 Kd7 48. d5 Kc7 49. Ra5 Kd7 50. Rc5 h6 51. h3 Rb6 52. Kd4 Kd6 53. Ra5
Rb4+ 54. Kc3 Rb6 55. Kc4 g5 56. Rc5 h5 57. f3 g4 58. fxg4 h4 59. gxf5 hxg3 60.
f6 Ke5 0-1

[Event "Tournoi francophone 008 Groupe C"]
[Site "Skype"]
[Date "????.??.??"]
[Round "9.5"]
[White "Bustos, Ricardo"]
[Black "Gabriele, Noel"]
[Result "0-1"]
[WhiteElo "1282"]
[BlackElo "1395"]
[PlyCount "66"]

1. c4 c6 2. Nc3 e6 3. e4 Bc5 4. a3 Qf6 5. Nf3 d6 6. b4 Bb6 7. Bb2 e5 8. Qc2 Bg4
9. Nd5 cxd5 10. cxd5 Qd8 11. Ng1 Nf6 12. h3 Bh5 13. Bb5+ Nbd7 14. d3 O-O 15.
Ne2 Rc8 16. Nc3 Rc7 17. O-O Qc8 18. Rac1 Bc5 19. bxc5 Nxc5 20. Bc4 a6 21. a4
Bg6 22. Ba3 Nfd7 23. f4 exf4 24. Rxf4 Nb6 25. Bxc5 Rxc5 26. Qf2 Nxc4 27. dxc4
Rxc4 28. Qe1 Qc5+ 29. Kh2 Rc8 30. Rf3 Qd4 31. Ne2 Qxe4 32. Ng3 Qxd5 33. Qe8+
Rxe8 0-1